[Event "ch-ISR"]
[Site "Haifa ISR"]
[Date "2010.11.14"]
[Round "5.1"]
[White "Gruenfeld, Yehuda"]
[Black "Mikhalevski, Victor"]
[Result "0-1"]
[WhiteTitle "GM"]
[BlackTitle "GM"]
[WhiteElo "2469"]
[BlackElo "2602"]
[WhiteFideId "2800020"]
[BlackFideId "2801914"]
[EventDate "2010.11.08"]

1. e4 e5 2. Nf3 Nc6 3. Bb5 Nf6 4. O-O Nxe4 5. d4 Nd6 6. Bxc6 dxc6 7. dxe5 Nf5 8.
Qxd8+ Kxd8 9. Nc3 h6 10. h3 Bd7 11. Rd1 Kc8 12. Rd3 b6 13. b3 Ne7 14. Bb2 c5 15.
Rad1 Be6 16. Nb5 Nc6 17. c4 g5 18. Nc3 Bg7 19. Nd5 a5 20. a4 Kb7 21. Nf6 Bf5 22.
R3d2 Rhd8 23. Ne1 Rxd2 24. Rxd2 Bxf6 25. exf6 Re8 26. Kf1 Kc8 27. g4 Bb1 28. Bc3
Re6 29. Ng2 Rd6 30. Rb2 Bd3+ 31. Kg1 Nd4 32. Kh2 Rxf6 33. Ne3 Rf3 34. Rd2 Bg6
35. Bxd4 cxd4 36. Nd5 c5 37. Nxb6+ Kd8 38. Nd5 Rxb3 39. f4 Be4 40. Nf6 Bd3 0-1

[Event "ch-ISR"]
[Site "Haifa ISR"]
[Date "2010.11.14"]
[Round "5.2"]
[White "Golod, Vitali"]
[Black "Berkovich, Mark A"]
[Result "1-0"]
[WhiteTitle "GM"]
[BlackTitle "IM"]
[WhiteElo "2582"]
[BlackElo "2392"]
[WhiteFideId "2804140"]
[BlackFideId "2801639"]
[EventDate "2010.11.08"]

1. d4 d5 2. c4 e6 3. Nf3 Nf6 4. Nc3 Bb4 5. cxd5 exd5 6. Bg5 h6 7. Bh4 g5 8. Bg3
Ne4 9. Nd2 Nxg3 10. hxg3 c5 11. a3 Bxc3 12. bxc3 cxd4 13. cxd4 Nc6 14. e3 Kf8
15. Qb3 Kg7 16. Be2 Qd6 17. g4 b6 18. Nf1 f5 19. Bf3 Ne7 20. gxf5 Bxf5 21. Ng3
Bg6 22. Rc1 Rac8 23. O-O Rxc1 24. Rxc1 h5 25. Qb4 Qd7 26. Be2 h4 27. Nf1 Rc8 28.
Rxc8 Nxc8 29. Nh2 Qc7 30. Nf3 Bh5 31. Qd2 Bxf3 32. Bxf3 Qd8 33. Qd3 Qc7 1-0

[Event "ch-ISR"]
[Site "Haifa ISR"]
[Date "2010.11.14"]
[Round "5.4"]
[White "Zilberman, Yaacov"]
[Black "Zaslavsky, Mikhail"]
[Result "1/2-1/2"]
[WhiteTitle "GM"]
[BlackTitle "IM"]
[WhiteElo "2481"]
[BlackElo "2424"]
[WhiteFideId "2801612"]
[BlackFideId "2807670"]
[EventDate "2010.11.08"]

1. d4 Nf6 2. c4 g6 3. Nc3 d5 4. Nf3 Bg7 5. Bg5 Ne4 6. cxd5 Nxg5 7. Nxg5 e6 8.
Qd2 h6 9. Nh3 exd5 10. Nf4 O-O 11. e3 c5 12. dxc5 d4 13. exd4 Re8+ 14. Be2 Bxd4
15. Rd1 Nc6 16. Nd3 Bg4 17. Nc1 Bxe2 18. N3xe2 Bxc5 19. O-O Qh4 20. g3 Qf6 21.
Qc3 Qxc3 22. Nxc3 Rad8 23. Kg2 Bd4 24. N1e2 Bxc3 25. Nxc3 Kg7 26. Rxd8 Rxd8 27.
Rd1 1/2-1/2

[Event "ch-ISR"]
[Site "Haifa ISR"]
[Date "2010.11.14"]
[Round "5.5"]
[White "Kantsler, Boris"]
[Black "Zanan, Evgeny"]
[Result "1-0"]
[WhiteTitle "GM"]
[BlackTitle "FM"]
[WhiteElo "2440"]
[BlackElo "2207"]
[WhiteFideId "2805359"]
[BlackFideId "24101940"]
[EventDate "2010.11.08"]

1. d4 d5 2. c4 c6 3. Nf3 Nf6 4. Nc3 dxc4 5. a4 e6 6. e3 c5 7. Bxc4 Nc6 8. O-O
cxd4 9. exd4 Be7 10. Bg5 O-O 11. Qd2 Nb4 12. Rfe1 Bd7 13. Ne5 Bc6 14. Nxf7 Rxf7
15. Bxe6 Nbd5 16. Re5 Qd6 17. Rae1 Bf8 18. Qd3 a6 19. Bxf7+ Kxf7 20. Nxd5 Nxd5
21. Qxh7 Bd7 22. h4 Nb4 23. R1e3 Bg4 24. R5e4 Nd5 25. Rxg4 Nxe3 26. fxe3 Qd5 27.
Rf4+ Ke8 28. Qg6+ Kd7 29. Rf7+ 1-0

[Event "ch-ISR"]
[Site "Haifa ISR"]
[Date "2010.11.14"]
[Round "5.6"]
[White "Tseitlin, Mark D"]
[Black "Sorin, Michael"]
[Result "1-0"]
[WhiteTitle "GM"]
[WhiteElo "2415"]
[BlackElo "2204"]
[WhiteFideId "2800128"]
[BlackFideId "2805030"]
[EventDate "2010.11.08"]

1. e4 c5 2. Nf3 e6 3. Nc3 d6 4. d4 cxd4 5. Qxd4 a6 6. Bg5 Qa5 7. O-O-O Nc6 8.
Qd2 b5 9. Kb1 Nf6 10. Bxf6 gxf6 11. Nd4 Bb7 12. f4 Be7 13. Nxc6 Bxc6 14. Bd3 Qb6
15. Rhe1 O-O-O 16. Qe2 Bf8 17. Qh5 Rd7 18. Nd5 Qd8 19. c4 Ba8 20. Ne3 b4 21. Nc2
Bb7 22. f5 Qa5 23. Nd4 Qe5 24. Bc2 Rc7 25. b3 Kb8 26. g3 Bc8 27. Ne2 Bg7 28. Nf4
h6 29. Qg4 Bf8 30. Qf3 Rg8 31. Nd5 Rb7 32. Ne3 Qa5 33. Ng2 Be7 34. Nf4 Qc5 35.
Qh5 Bf8 36. Rf1 Rg5 37. Qe2 Re7 38. Qd2 Re8 39. Nd3 Qb6 40. fxe6 a5 41. exf7 Re7
42. Rxf6 Bg4 43. Re1 Qd4 44. Qf2 Qxf2 45. Nxf2 Bh5 46. Nh3 Rg7 47. Nf4 Bg4 48.
Rxh6 Rgxf7 49. Rxd6 Rxe4 50. Rb6+ Ka7 51. Rxe4 Kxb6 52. Nd5+ Kc5 53. Rxg4 Rf1+
54. Kb2 Bd6 55. Rg5 Kd4 56. Nf4 1-0

[Event "ch-ISR"]
[Site "Haifa ISR"]
[Date "2010.11.14"]
[Round "5.7"]
[White "Vydeslaver, Alik"]
[Black "Zaltz, Dov"]
[Result "1/2-1/2"]
[WhiteTitle "IM"]
[WhiteElo "2388"]
[BlackElo "2316"]
[WhiteFideId "2801876"]
[BlackFideId "2800578"]
[EventDate "2010.11.08"]

1. e4 c5 2. Nf3 d6 3. d4 cxd4 4. Nxd4 Nf6 5. Nc3 g6 6. Be3 Bg7 7. f3 O-O 8. Qd2
Nc6 9. O-O-O d5 10. Qe1 e5 11. Nxc6 bxc6 12. exd5 Nxd5 13. Bc4 Be6 14. h4 h6 15.
Bc5 Re8 16. g4 Qf6 17. Ne4 Qxf3 18. g5 Qf4+ 19. Kb1 Nc3+ 20. Qxc3 Qxe4 21. Bd3
Qd5 22. Qa3 e4 23. Ba6 Qf5 24. Rdf1 Qd5 25. Rd1 Qf5 26. Rdf1 Qe5 27. Bd6 Qd4 28.
Rd1 Qb6 29. gxh6 Bxh6 30. Bc5 Qc7 31. Bd6 Qb6 32. Bc5 Qc7 33. Bd6 1/2-1/2

[Event "ch-ISR"]
[Site "Haifa ISR"]
[Date "2010.11.14"]
[Round "5.9"]
[White "Axelrod, Arie"]
[Black "Reshef, Omer"]
[Result "0-1"]
[WhiteTitle "FM"]
[WhiteElo "2386"]
[BlackElo "2015"]
[WhiteFideId "2804867"]
[BlackFideId "2804336"]
[EventDate "2010.11.08"]

1. e4 e5 2. Nf3 Nc6 3. Bc4 Bc5 4. c3 Nf6 5. d3 a6 6. Qe2 d6 7. Bb3 Bg4 8. Nbd2
Qd7 9. Nf1 Ba7 10. Bg5 O-O-O 11. Ne3 Be6 12. Ba4 h6 13. Bxf6 gxf6 14. Nd5 f5 15.
Nh4 f4 16. b4 Kb8 17. Bb3 Ne7 18. Nf6 Qc6 19. c4 Qb6 20. Qd2 Nc6 21. Nd5 Bxd5
22. cxd5 Qxb4 23. Qxb4 Nxb4 24. Ke2 a5 25. g3 Rhg8 26. Rab1 Bc5 27. Rhc1 Ka7 28.
Bc4 Rb8 29. a3 Na6 30. a4 Nb4 31. gxf4 Rg4 32. Nf3 Rxf4 33. Rg1 f5 34. Rbf1 fxe4
35. Nd2 exd3+ 36. Bxd3 Nxd3 37. Kxd3 Rxa4 38. Nb3 Ra3 39. Kc2 Ra2+ 40. Kd3 Bb4
41. Rg7 Rf8 42. Rc1 Rf3+ 43. Kc4 Kb6 44. Rh7 Re2 0-1

[Event "ch-ISR"]
[Site "Haifa ISR"]
[Date "2010.11.14"]
[Round "5.10"]
[White "Sheskin, Matan"]
[Black "Pasman, Michael"]
[Result "0-1"]
[BlackTitle "FM"]
[WhiteElo "2252"]
[BlackElo "2366"]
[WhiteFideId "2809435"]
[BlackFideId "2800500"]
[EventDate "2010.11.08"]

1. e4 c6 2. d4 d5 3. Nc3 dxe4 4. Nxe4 Bf5 5. Ng3 Bg6 6. Nf3 Nd7 7. h4 h6 8. h5
Bh7 9. Bd3 Bxd3 10. Qxd3 e6 11. Bf4 Qa5+ 12. c3 Ngf6 13. b4 Qa3 14. O-O Be7 15.
Qc2 O-O 16. Qb3 Qxb3 17. axb3 Rfd8 18. Ra5 a6 19. Rfa1 Nd5 20. Bd2 f5 21. Re1
Kf7 22. Ne2 Bd6 23. c4 N5f6 24. Nf4 Bxf4 25. Bxf4 Nxh5 26. Bc7 Rdc8 27. Bd6 Nhf6
28. Ne5+ Nxe5 29. dxe5 Ne8 30. Rd1 Rd8 31. f4 Rac8 32. Kf2 Rd7 33. Ra2 Nxd6 34.
Rxd6 Rxd6 35. exd6 c5 36. bxc5 Rxc5 37. Rd2 Ke8 38. d7+ Kd8 39. Rd6 Rc6 40. Rd3
Rc7 41. Rd6 Rc6 42. Rd3 Rc7 43. Rd6 Rxd7 44. Rxe6 Rd2+ 45. Kg1 Rd3 46. Rb6 Kc7
47. c5 a5 48. Rb5 Kc6 49. Rb6+ Kc7 50. Rb5 Kc6 51. Rb6+ Kxc5 52. Rxb7 g6 53. Kf2
Rd6 54. Ke2 Rd4 55. g3 Rb4 56. Rc7+ Kd4 57. Rd7+ Kc3 58. Rd5 Rxb3 59. Rxa5 Kb4
60. Ra8 Rxg3 61. Rh8 h5 62. Rc8 Rc3 63. Rd8 Rc6 64. Kf3 Kc5 65. Rd7 Rd6 66. Rg7
Kd5 67. Rg8 Ra6 68. Re8 Ra3+ 69. Kf2 h4 70. Rh8 Ke4 71. Rh6 Rg3 0-1

[Event "ch-ISR"]
[Site "Haifa ISR"]
[Date "2010.11.14"]
[Round "5.11"]
[White "Kataev, Simcho"]
[Black "Shachar, Ehud"]
[Result "0-1"]
[WhiteTitle "FM"]
[BlackTitle "FM"]
[WhiteElo "2281"]
[BlackElo "2370"]
[WhiteFideId "4106644"]
[BlackFideId "2802198"]
[EventDate "2010.11.08"]

1. c4 e6 2. Nf3 f5 3. g3 Nf6 4. Bg2 Be7 5. O-O O-O 6. b3 d6 7. d4 Ne4 8. Nfd2 d5
9. Nxe4 dxe4 10. Ba3 Nc6 11. Bxe7 Qxe7 12. f3 exf3 13. Bxf3 e5 14. Bxc6 bxc6 15.
e3 f4 16. exf4 exf4 17. Qe1 Qd8 18. Qd2 fxg3 19. Rxf8+ Qxf8 20. hxg3 Qf3 21. Kh2
Qh5+ 22. Kg1 Qg4 23. Qe1 Qxd4+ 24. Kh2 Bg4 25. Nd2 Rf8 26. Kg2 Qd3 27. Nf1 Be2
28. Nh2 Qe4+ 29. Kg1 Qe3+ 30. Kg2 Qe4+ 31. Kg1 Qd4+ 32. Kg2 Bd3 33. Qe6+ Kh8 34.
Re1 Qf2+ 35. Kh1 Qxg3 36. Re3 Qf4 37. Qe7 Bg6 38. Nf3 Bh5 39. Nh2 h6 40. Qe5 Qh4
41. Rg3 Rf7 42. Kg2 Re7 43. Qc3 Re2+ 44. Kf1 Qf4+ 0-1

[Event "ch-ISR"]
[Site "Haifa ISR"]
[Date "2010.11.14"]
[Round "5.12"]
[White "Aharon, Ofir"]
[Black "Krayz, Alexander"]
[Result "1-0"]
[BlackTitle "IM"]
[WhiteElo "2264"]
[BlackElo "2339"]
[WhiteFideId "2800683"]
[BlackFideId "2802066"]
[EventDate "2010.11.08"]

1. e4 e6 2. d4 d5 3. Nd2 Nf6 4. e5 Nfd7 5. c3 c5 6. Bd3 Nc6 7. Ne2 cxd4 8. cxd4
f6 9. Nf4 Nxd4 10. Qh5+ Ke7 11. exf6+ Nxf6 12. Ng6+ hxg6 13. Qxh8 Kf7 14. O-O e5
15. Nb3 Nxb3 16. axb3 Bf5 17. Bxf5 gxf5 18. Bg5 Qb6 19. Rac1 Rd8 20. Bxf6 Kxf6
21. Qh4+ Kf7 22. Qg5 g6 23. g4 Be7 24. Qh6 Rg8 25. Qh7+ Rg7 26. Qh3 Qd8 27. gxf5
gxf5+ 28. Kh1 Ke6 29. Rg1 Rxg1+ 30. Kxg1 Bg5 31. Rc5 e4 32. Qh7 Be7 33. Qg6+ Bf6
34. h4 Qd7 35. h5 Qg7 36. Qxg7 Bxg7 37. Rc7 Bd4 38. Rxb7 Kf6 39. Kf1 Kg5 40. Rd7
Kxh5 41. Rxd5 Bxb2 42. Rxf5+ Kg4 43. Ra5 e3 44. fxe3 Kf3 45. Rxa7 Kxe3 46. Rd7
Bc3 47. Kg2 Ba5 48. Kg3 Bc3 49. Kg4 Ke4 50. Kg5 Ke5 51. Kg6 Bb4 52. Rc7 Kd5 53.
Rc4 Bd2 54. Kf6 1-0

[Event "ch-ISR"]
[Site "Haifa ISR"]
[Date "2010.11.14"]
[Round "5.13"]
[White "Porat, Maya"]
[Black "Givon, Asaf"]
[Result "1-0"]
[WhiteElo "2257"]
[BlackElo "2226"]
[WhiteFideId "2808072"]
[BlackFideId "2801841"]
[EventDate "2010.11.08"]

1. d4 Nf6 2. c4 g6 3. Nf3 Bg7 4. g3 d5 5. Bg2 dxc4 6. Na3 c3 7. bxc3 O-O 8. O-O
c5 9. Nc4 Nc6 10. Ba3 Nd5 11. Qb3 Na5 12. Nxa5 Qxa5 13. Rfc1 cxd4 14. cxd4 Be6
15. Qd3 Rfc8 16. Ng5 Bd7 17. Qb3 e6 18. Qxb7 Qxa3 19. Rxc8+ Rxc8 20. Bxd5 Rc1+
21. Kg2 Rxa1 22. Qxd7 Qf8 23. Bb3 Rb1 24. d5 Bf6 25. Ne4 Qe7 26. d6 Qd8 27.
Nxf6+ Qxf6 28. Qc8+ Kg7 29. d7 1-0

[Event "ch-ISR"]
[Site "Haifa ISR"]
[Date "2010.11.14"]
[Round "5.14"]
[White "Shevelev, Arkady"]
[Black "Galburd, Yan"]
[Result "0-1"]
[WhiteTitle "IM"]
[WhiteElo "2315"]
[BlackElo "2322"]
[WhiteFideId "2802163"]
[BlackFideId "2808528"]
[EventDate "2010.11.08"]

1. e4 c5 2. Nf3 g6 3. d4 cxd4 4. Nxd4 Nc6 5. Nc3 Bg7 6. Nde2 Nf6 7. a4 Qb6 8.
Nf4 d6 9. Nfd5 Qa5 10. Bd2 Nxe4 11. Bb5 Nxd2 12. Qxd2 e6 13. O-O exd5 14. Qxd5
Qc7 15. Rfe1+ Be6 16. Rxe6+ fxe6 17. Qxe6+ Qe7 18. Qc4 Bxc3 19. Qxc3 O-O-O 20.
Bxc6 bxc6 21. Qxc6+ Kb8 22. Qb5+ Qb7 23. Qd3 Rhe8 24. h3 Qc6 25. Ra3 d5 26. Rc3
Qxa4 27. Qg3+ Ka8 28. Ra3 Qc6 29. Qd3 d4 30. Ra6 Re1+ 31. Kh2 Qc7+ 32. g3 Qb7
33. g4 Rh1+ 34. Kg3 g5 35. f3 Qb8+ 0-1

[Event "ch-ISR"]
[Site "Haifa ISR"]
[Date "2010.11.14"]
[Round "5.15"]
[White "Rinberg, Alexander"]
[Black "Kudischewitsch, David"]
[Result "0-1"]
[WhiteTitle "FM"]
[BlackTitle "IM"]
[WhiteElo "2302"]
[BlackElo "2366"]
[WhiteFideId "14102510"]
[BlackFideId "4111893"]
[EventDate "2010.11.08"]

1. e4 d5 2. exd5 Qxd5 3. Nc3 Qe5+ 4. Be2 c6 5. Nf3 Qc7 6. O-O e6 7. d4 Nd7 8.
Ne4 Ngf6 9. Qd3 Be7 10. c4 O-O 11. b3 b6 12. Bb2 Bb7 13. Ng3 c5 14. Rfe1 Rfd8
15. Rad1 a6 16. Qe3 cxd4 17. Nxd4 Bb4 18. Bh5 Nf8 19. Rf1 Bc5 20. Qg5 h6 21. Qh4
N8h7 22. a3 g5 23. Qh3 Bxd4 24. Bxd4 e5 25. Bb2 Bc8 26. Bxe5 Rxd1 27. Rxd1 Qxe5
28. Rd8+ Kg7 29. Rxc8 Qe1+ 30. Nf1 Rxc8 31. Qxc8 Nxh5 32. g3 N5f6 33. Qxa6 g4
34. Qxb6 Ng5 35. Qe3 Qa1 36. b4 Nd7 37. b5 Ne5 38. c5 Nef3+ 39. Kg2 Qd1 40. c6
Qd5 41. Qc3+ Ne5+ 42. f3 gxf3+ 43. Kf2 Ne4+ 0-1

[Event "ch-ISR"]
[Site "Haifa ISR"]
[Date "2010.11.14"]
[Round "5.16"]
[White "Mamut, Igor"]
[Black "Prozhanski, Genrik"]
[Result "0-1"]
[WhiteElo "2229"]
[BlackElo "2342"]
[WhiteFideId "2803020"]
[BlackFideId "2802767"]
[EventDate "2010.11.08"]

1. d4 Nf6 2. c4 c5 3. e3 g6 4. Nc3 Bg7 5. Nf3 O-O 6. Be2 cxd4 7. exd4 d5 8. O-O
Nc6 9. Bg5 dxc4 10. Bxc4 a6 11. d5 Na5 12. Be2 b5 13. b4 Nc4 14. Bxc4 bxc4 15.
Qd2 Bb7 16. Rad1 Qd6 17. Bf4 Qd7 18. Bh6 Rfd8 19. Bxg7 Kxg7 20. Rfe1 Bxd5 21.
Nxd5 Qxd5 22. Rxe7 Qxd2 23. Rxd2 Rxd2 24. Nxd2 Rd8 25. Nf1 Nd5 26. Re1 Nxb4 27.
Ne3 Nxa2 28. Nxc4 Nc3 29. Kf1 Rd1 30. Rxd1 Nxd1 31. Ke2 Nc3+ 32. Kd3 Nd5 33. Kd4
Nf4 34. g3 Nh3 35. f4 Nf2 36. Ne5 f6 37. Nc6 Ng4 38. h3 Nf2 39. Ke3 Nxh3 40. Kf3
g5 41. fxg5 Nxg5+ 42. Kf4 Kg6 43. Ne7+ Kf7 44. Nc6 Ne6+ 45. Kf5 Ng7+ 46. Kf4 Ke6
47. g4 Kd6 48. Na5 Kc5 49. Ke4 Kb5 50. Nb3 a5 51. Kd5 a4 52. Nc1 Kb4 53. Kd4 a3
54. Kd3 f5 55. gxf5 Nxf5 56. Kc2 Ka4 0-1

[Event "ch-ISR"]
[Site "Haifa ISR"]
[Date "2010.11.15"]
[Round "6.1"]
[White "Nabaty, Tamir"]
[Black "Golod, Vitali"]
[Result "1/2-1/2"]
[WhiteTitle "IM"]
[BlackTitle "GM"]
[WhiteElo "2529"]
[BlackElo "2582"]
[WhiteFideId "2809052"]
[BlackFideId "2804140"]
[EventDate "2010.11.08"]
[EventType "swiss"]

1. e4 e5 2. Nf3 Nc6 3. d4 exd4 4. Nxd4 Nf6 5. Nxc6 bxc6 6. e5 Qe7 7. Qe2 Nd5 8.
c4 Nb6 9. Nc3 Qe6 10. Qe4 g6 11. f4 Bb4 12. Be3 f5 13. Qd3 Ba6 14. b3 d5 15. Qc2
dxc4 16. Kf2 Rd8 17. Na4 Nd5 18. Bc1 cxb3 19. axb3 Bxf1 20. Rxf1 a5 21. Kg1 c5
22. Bd2 O-O 23. Nxc5 Qb6 24. Bxb4 Nxb4 25. Qc4+ Rd5 26. Rac1 c6 27. Kh1 Qb5 28.
Ne6 Rc8 29. Qxb5 Rxb5 30. Rfd1 Rd5 31. Rxd5 Nxd5 32. g3 Rb8 33. Nd4 Ne7 34. Kg2
Kf7 35. Kf3 Rd8 36. Rc4 c5 37. Nb5 Rd3+ 38. Ke2 Rxb3 39. Rxc5 Rb2+ 1/2-1/2

[Event "ch-ISR"]
[Site "Haifa ISR"]
[Date "2010.11.15"]
[Round "6.2"]
[White "Mikhalevski, Victor"]
[Black "Tseitlin, Mark D"]
[Result "1/2-1/2"]
[WhiteTitle "GM"]
[BlackTitle "GM"]
[WhiteElo "2602"]
[BlackElo "2415"]
[WhiteFideId "2801914"]
[BlackFideId "2800128"]
[EventDate "2010.11.08"]
[EventType "swiss"]

1. d4 Nf6 2. c4 g6 3. Nc3 d5 4. Bg5 Ne4 5. Bh4 Nxc3 6. bxc3 dxc4 7. e3 Be6 8.
Nf3 c6 9. Ng5 Bd5 10. e4 h6 11. exd5 hxg5 12. dxc6 Nxc6 13. Bxg5 Qa5 14. Qd2 Qd5
15. Qe3 f6 16. Bf4 g5 17. Bg3 f5 18. Qxg5 Bh6 19. Qh5+ Kf8 20. Bf4 Kg7 21. Qf3
Qxf3 22. Bxh6+ Rxh6 23. gxf3 e5 24. dxe5 Nxe5 25. O-O-O Ra6 26. Kb2 Re8 27. f4
Nd3+ 28. Bxd3 cxd3 29. Rd2 Re4 30. Rg1+ Kf6 31. Rg3 Rb6+ 32. Ka3 1/2-1/2

[Event "ch-ISR"]
[Site "Haifa ISR"]
[Date "2010.11.15"]
[Round "6.4"]
[White "Pasman, Michael"]
[Black "Gruenfeld, Yehuda"]
[Result "1/2-1/2"]
[WhiteTitle "FM"]
[BlackTitle "GM"]
[WhiteElo "2366"]
[BlackElo "2469"]
[WhiteFideId "2800500"]
[BlackFideId "2800020"]
[EventDate "2010.11.08"]
[EventType "swiss"]

1. d4 Nf6 2. c4 g6 3. Nc3 Bg7 4. e4 d6 5. Be2 O-O 6. Bg5 c5 7. d5 h6 8. Be3 e6
9. h3 exd5 10. exd5 Re8 11. Nf3 Qb6 12. O-O Bf5 13. Bd3 Bxd3 14. Qxd3 Na6 15. a3
Qd8 16. Rfe1 Qd7 17. Re2 Nc7 18. Rae1 a6 19. Bc1 b5 20. b3 Rab8 21. Qc2 Rxe2 22.
Rxe2 Re8 23. Nh2 Rxe2 24. Qxe2 Kh7 25. Bd2 Nfe8 26. g4 f5 27. Kg2 Nf6 28. f3 Ng8
29. Nf1 Qf7 30. Ng3 Ne7 31. Qd3 h5 32. gxh5 gxh5 33. Bg5 Bf6 34. Bxf6 Qxf6 35.
Nxh5 Qg5+ 36. Ng3 Ne8 37. Kh2 Ng7 38. cxb5 axb5 39. Nxb5 Qf4 40. Nc3 Ng6 41. Ne2
Qh4 42. Qc3 Qh6 43. f4 Nxf4 44. Nxf4 Qxf4 45. Kg2 Qg5 46. h4 Qg4 47. Qf3 Qxh4
48. Nxf5 Qg5+ 49. Ng3 Kg8 50. a4 Qd2+ 51. Ne2 Qc2 52. Kf2 c4 53. bxc4 Qxa4 54.
Qf4 Qc2 55. Qxd6 Qxc4 56. Qe5 Qb5 57. Nf4 Qe8 58. Qf6 Qf8 59. Qg5 Qf5 60. Qd8+
Qf8 61. Qg5 Qf5 62. Qh4 Nh5 63. Qxh5 Qxf4+ 64. Kg2 Qe4+ 65. Kg3 Qe3+ 66. Kg2
Qe4+ 67. Kf2 Qf4+ 68. Qf3 Qxf3+ 69. Kxf3 Kf7 70. Ke4 Ke7 1/2-1/2

[Event "ch-ISR"]
[Site "Haifa ISR"]
[Date "2010.11.15"]
[Round "6.8"]
[White "Zanan, Evgeny"]
[Black "Vydeslaver, Alik"]
[Result "1/2-1/2"]
[WhiteTitle "FM"]
[BlackTitle "IM"]
[WhiteElo "2207"]
[BlackElo "2388"]
[WhiteFideId "24101940"]
[BlackFideId "2801876"]
[EventDate "2010.11.08"]
[EventType "swiss"]

1. d4 d5 2. c4 c6 3. Nf3 Nf6 4. Nc3 dxc4 5. e3 b5 6. a4 b4 7. Nb1 Ba6 8. Be2 e6
9. O-O c5 10. Nbd2 c3 11. bxc3 bxc3 12. Nb1 Qa5 13. Ba3 Be7 14. Bxa6 Nxa6 15.
Qd3 Nd5 16. Rc1 Nab4 17. Qc4 c2 18. Bxb4 Nxb4 19. Na3 O-O 20. Nxc2 Nd5 21. dxc5
Qxc5 22. Qxc5 Bxc5 23. Ncd4 Bxd4 1/2-1/2

[Event "ch-ISR"]
[Site "Haifa ISR"]
[Date "2010.11.15"]
[Round "6.9"]
[White "Shachar, Ehud"]
[Black "Aharon, Ofir"]
[Result "1/2-1/2"]
[WhiteTitle "FM"]
[WhiteElo "2370"]
[BlackElo "2264"]
[WhiteFideId "2802198"]
[BlackFideId "2800683"]
[EventDate "2010.11.08"]
[EventType "swiss"]

1. e4 c5 2. Nf3 g6 3. d3 Bg7 4. g3 Nc6 5. Bg2 Nf6 6. O-O O-O 7. c3 d6 8. a3 Nd7
9. Be3 b5 10. d4 Rb8 11. Nbd2 a5 12. dxc5 Nxc5 13. Nd4 Bd7 14. N2b3 Na4 15. Nxc6
Bxc6 16. Qc2 Qc7 17. Bd4 Bd7 18. Bxg7 Kxg7 19. Qd2 e5 20. Rad1 Be6 21. Nc1 Rfd8
22. h4 h6 23. Kh2 Nb6 24. Rfe1 Nc4 25. Qe2 f6 26. Nd3 Nb6 27. f4 Bb3 28. Rc1 Bc4
29. Qe3 Re8 30. Nf2 Qc5 31. Qf3 exf4 32. gxf4 d5 33. Rcd1 Rbd8 34. Rd4 Qc7 35.
Qg3 Nd7 36. Rg1 Nf8 37. exd5 Re2 38. h5 Qe7 39. hxg6 Rxb2 40. f5 Qe2 41. Nh3 Qe5
42. Nf4 Qxf5 43. Kh1 Re8 44. Bh3 Qg5 45. Nh5+ Kxg6 46. Qh4 Rb1 47. Qxg5+ hxg5
48. Nf4+ Kf7 49. Rxb1 gxf4 50. a4 Re3 51. Bf1 Bxf1 52. Rxf1 Rxc3 53. Rdxf4 Nd7
54. axb5 Rb3 55. Rh4 Ke7 56. Rh5 Kd6 57. Rc1 Ne5 58. Rf1 Rxb5 59. Rxf6+ Kxd5 60.
Rh4 Rb4 61. Rxb4 axb4 62. Rb6 Kc4 63. Rxb4+ 1/2-1/2

[Event "ch-ISR"]
[Site "Haifa ISR"]
[Date "2010.11.15"]
[Round "6.11"]
[White "Sorin, Michael"]
[Black "Axelrod, Arie"]
[Result "1-0"]
[BlackTitle "FM"]
[WhiteElo "2204"]
[BlackElo "2386"]
[WhiteFideId "2805030"]
[BlackFideId "2804867"]
[EventDate "2010.11.08"]
[EventType "swiss"]

1. Nf3 Nf6 2. c4 g6 3. Nc3 Bg7 4. e4 d6 5. d4 O-O 6. Be2 Bg4 7. O-O Nfd7 8. Be3
Nc6 9. Ne1 Bxe2 10. Nxe2 e5 11. d5 Ne7 12. Nc3 f5 13. f3 Nf6 14. c5 Qd7 15. Nd3
fxe4 16. fxe4 Ng4 17. Qe2 Nxe3 18. Qxe3 Kh8 19. Rxf8+ Bxf8 20. Rf1 Ng8 21. Qh3
Qxh3 22. gxh3 a6 23. cxd6 cxd6 24. Na4 Kg7 25. Rc1 Re8 26. Nb6 Nf6 27. Rc7+ Re7
28. Rc4 Rf7 29. a4 Kg8 30. Nf2 Bh6 31. Rc8+ Rf8 32. Rxf8+ Kxf8 33. Nc4 Ke7 34.
Ng4 Nxg4 35. hxg4 b5 36. axb5 axb5 37. Na3 Be3+ 38. Kg2 b4 39. Nc4 Bc5 40. b3
Kf6 41. Nb2 Bd4 42. Nc4 Ke7 43. Na5 Kd7 44. Nc6 Bc5 45. Kf3 Ke8 46. Ke2 h5 47.
gxh5 gxh5 48. Kf3 Kf7 49. Nd8+ Ke7 50. Ne6 Bg1 51. h3 Kf6 52. Ke2 h4 53. Kf3 Kg6
54. Kg4 Bf2 55. Nc7 Kf6 56. Ne8+ Ke7 57. Ng7 Kf6 58. Nf5 Bc5 59. Nxh4 1-0

[Event "ch-ISR"]
[Site "Haifa ISR"]
[Date "2010.11.15"]
[Round "6.12"]
[White "Birnboim, Nathan"]
[Black "Sheskin, Matan"]
[Result "0-1"]
[WhiteTitle "IM"]
[WhiteElo "2387"]
[BlackElo "2252"]
[WhiteFideId "2800209"]
[BlackFideId "2809435"]
[EventDate "2010.11.08"]
[EventType "swiss"]

1. e4 e5 2. Nf3 Nc6 3. Bb5 a6 4. Ba4 Be7 5. d3 b5 6. Bb3 d6 7. a4 Na5 8. axb5
Nxb3 9. cxb3 Nf6 10. Nc3 O-O 11. O-O Bb7 12. bxa6 Bxa6 13. Bg5 c6 14. Qc2 Qb6
15. Ra4 Rab8 16. Rfa1 Bc8 17. Nd2 Re8 18. Be3 c5 19. f3 Qc6 20. Nc4 Bf8 21. Bg5
Be6 22. Ra6 Qc7 23. Bxf6 gxf6 24. Ne3 Bxb3 25. Qf2 Be6 26. Ncd5 Qd8 27. Qh4 Bg7
28. Qh5 Rxb2 29. Nc4 Rb3 30. Nxd6 Rf8 31. Nf5 Bxf5 32. Qxf5 Rxd3 33. Ra7 c4 34.
Rd7 Qb8 35. h3 Qb2 36. Rf1 Rd2 37. Nxf6+ Bxf6 38. Rxd2 Qxd2 39. Qxf6 c3 40. f4
Qe3+ 41. Kh2 c2 42. Qg5+ Kh8 43. Qxe5+ f6 44. Qe7 Rg8 45. Qxf6+ Rg7 46. Qb2 Qg3+ 0-1

[Event "ch-ISR"]
[Site "Haifa ISR"]
[Date "2010.11.15"]
[Round "6.14"]
[White "Kataev, Simcho"]
[Black "Givon, Asaf"]
[Result "0-1"]
[WhiteTitle "FM"]
[WhiteElo "2281"]
[BlackElo "2226"]
[WhiteFideId "4106644"]
[BlackFideId "2801841"]
[EventDate "2010.11.08"]
[EventType "swiss"]

1. e4 e6 2. d4 d5 3. Nc3 dxe4 4. Nxe4 b6 5. Nf3 Bb7 6. Bb5+ c6 7. Bd3 Nd7 8. Bg5
Ngf6 9. Ne5 Be7 10. Bxf6 gxf6 11. Nc4 Nf8 12. Qh5 f5 13. Ng3 Qxd4 14. Rd1 Ng6
15. Be2 Qh4 16. Qf3 Rd8 17. Rxd8+ Kxd8 18. O-O Kc7 19. a4 Rd8 20. a5 b5 21. a6
Ba8 22. Na5 Qb4 23. Nb3 Qf4 24. Qc3 Qe5 25. Qa5+ Kc8 26. Re1 Qxb2 27. Bf1 Qa3
28. Qc3 Qb4 29. Qe3 Rd7 30. Nh5 Bd8 31. Re2 Bb6 32. Qh6 Qf8 33. Qxh7 Qh8 34.
Qxh8+ Nxh8 35. Re1 Ng6 36. g3 Kc7 37. h4 Rd8 38. Nf6 Kd6 39. Nh7 Ke7 40. Bd3 Rd5
41. Ng5 Kf6 42. Bf1 Rd8 43. Bd3 Rh8 44. Bf1 c5 45. Bxb5 Nxh4 46. gxh4 Rxh4 47.
Kf1 Kxg5 48. Nd2 Kf6 49. Re3 Bd5 50. c4 Ba8 51. Rg3 Rh1+ 52. Ke2 Ra1 53. f3 Ra2
54. Kd3 Ba5 55. Nb3 Bb4 56. Nc1 Ra1 57. Kc2 Ba3 58. Nd3 Rf1 59. Kb3 Bb4 60. Nxb4
Rb1+ 61. Kc2 Rxb4 62. f4 Be4+ 63. Kc3 Rb1 64. Rg8 Rf1 65. Rc8 Rf3+ 66. Kd2 Rxf4
67. Rc7 Rf2+ 68. Kc3 Ra2 69. Rxa7 f4 70. Be8 Ke5 71. Kb3 Ra5 72. Bxf7 f3 73. Bh5
f2 74. Be2 Kf4 75. Bf1 Ra1 0-1